MLB's official top 100 players for 2026 - Statistics

General Stats
  • This quiz has been taken 610 times
  • The average score is 77 of 100
Answer Stats
Rank Team Position Player % Correct
2. Yankees OF Aaron Judge
99%
1. Dodgers SP/DH Shohei Ohtani
99%
3. Royals SS Bobby Witt Jr.
98%
6. Mets OF Juan Soto
98%
7. Pirates SP Paul Skenes
98%
4. Mariners C Cal Raleigh
97%
8. Tigers SP Tarik Skubal
97%
10. Blue Jays 1B Vladimir Guerrero Jr.
97%
18. Dodgers SS Mookie Betts
96%
15. Padres OF Fernando Tatis Jr.
95%
11. Mets SS Francisco Lindor
95%
5. Guardians 3B Jose Ramirez
95%
14. Braves OF Ronald Acuña Jr.
95%
20. Dodgers C Will Smith
95%
22. Dodgers 1B Freddie Freeman
94%
17. Phillies DH Kyle Schwarber
94%
32. Phillies 1B Bryce Harper
93%
16. Mariners OF Julio Rodriguez
93%
19. Diamondbacks 2B Ketel Marte
92%
13. Dodgers SP Yoshinobu Yamamoto
92%
9. Diamondbacks OF Corbin Carroll
91%
26. Orioles SS Gunner Henderson
91%
21. Dodgers OF Kyle Tucker
91%
25. Phillies SS Trea Turner
90%
12. Red Sox SP Garrett Crochet
89%
34. Padres 3B Manny Machado
89%
27. Rangers SS Corey Seager
88%
31. Braves 1B Matt Olson
88%
23. A's 1B Nick Kurtz
88%
33. Orioles 1B Pete Alonso
88%
28. Astros OF Yordan Alvarez
87%
42. Twins OF Byron Buxton
86%
52. Reds SS Elly De La Cruz
85%
35. Cubs 3B Alex Bregman
84%
44. Mariners SP Bryan Woo
84%
40. Cubs OF Pete Crow-Armstrong
84%
38. Braves SP Chris Sale
83%
81. Astros 2B/OF Jose Altuve
83%
37. Giants SP Logan Webb
83%
51. Phillies SP Zach Wheeler
83%
45. Reds SP Hunter Greene
82%
57. Tigers OF Riley Greene
82%
36. Yankees SP Max Fried
81%
55. Brewers C William Contreras
81%
54. Dodgers SP Blake Snell
80%
43. Yankees OF Cody Bellinger
79%
50. Rangers SP Jacob deGrom
79%
39. Rays 3B Junior Caminero
79%
82. Angels OF Mike Trout
79%
78. Brewers OF Christian Yelich
78%
46. Giants DH Rafael Devers
78%
48. Mets SS Bo Bichette
77%
83. Dodgers RP Edwin Diaz
77%
58. Red Sox OF Jarren Duran
77%
29. Phillies SP Christopher Sanchez
76%
24. Diamondbacks SS Geraldo Perdomo
76%
53. Nationals OF James Wood
76%
49. Astros SS Jeremy Peña
76%
60. Padres RP Mason Miller
76%
71. Rays 1B Yandy Diaz
76%
84. Red Sox RP Aroldis Chapman
75%
30. Astros SP Hunter Brown
75%
85. Giants 3B Matt Chapman
75%
74. Blue Jays C Alejandro Kirk
74%
47. Blue Jays OF George Springer
74%
41. Red Sox OF Roman Anthony
74%
66. Reds 3B Eugenio Suarez
73%
79. Red Sox SP Ranger Suarez
72%
62. Brewers 2B Brice Turang
69%
59. Padres OF Jackson Merrill
69%
61. Yankees 2B Jazz Chisholm Jr.
69%
80. Tigers SP Framber Valdez
67%
76. A's SS Jacob Wilson
67%
65. Royals 3B Maikel Garcia
67%
75. Guardians OF Steven Kwan
66%
86. Giants SS Willy Adames
66%
72. Mariners SP Logan Gilbert
65%
56. Brewers OF Jackson Chourio
64%
70. Mariners 1B Josh Naylor
64%
77. Cubs OF Seiya Suzuki
62%
87. Angels SS Zach Neto
62%
95. Yankees 1B Ben Rice
61%
73. Twins SP Joe Ryan
61%
67. Cubs 1B Michael Busch
60%
64. Rangers SP Nathan Eovaldi
58%
93. Royals 1B Vinnie Pasquantino
57%
99. Yankees SP Carlos Rodon
56%
63. Mets SP Freddy Peralta
56%
92. A's C Shea Langeliers
56%
91. A's OF Brent Rooker
55%
89. Royals SP Cole Ragans
54%
96. Braves C Drake Baldwin
54%
97. Rockies C Hunter Goodman
54%
68. Marlins OF Kyle Stowers
53%
69. Rangers OF Wyatt Langford
52%
100. Blue Jays SP Dylan Cease
49%
88. White Sox SS Colson Montgomery
47%
94. Tigers OF Kerry Carpenter
46%
98. Cardinals C Ivan Herrera
39%
90. Reds SP Andrew Abbott
38%
No matching quizzes found
Score Distribution
Percent of People with Each Score
Percentile by Number Answered
Your Score History
You have not taken this quiz